La Nouvelle-Calédonie en Images - Statistiques

Statistiques générales
  • Ce quiz a été pris 2 025 fois
    1 975 depuis la dernière actualisation
  • Le résultat moyen est 8 sur 18
Statistiques - réponses
Par images Hint Réponse % Correct
Chef-lieu / Capitale Nouméa
93%
Peuple autochtone Kanak
80%
Evènement Référendum de 2021 sur l'indépendance de la Nouvelle-Calédonie
71%
Explorateur brittanique James Cook
61%
Footballer Christian Karembeu
59%
Monnaie Franc Pacifique
53%
Métal Nickel
49%
Habitation traditionelle Case
44%
Archipel/Province Îles Loyauté
39%
Footballer Antoine Kombouaré
38%
Accords Accords de {Matignon}
32%
Homme politique Jean-Marie Tjibaou
28%
Oiseau Kagou Huppe
28%
Chef-lieu du Nord Koné
24%
Quartier Vallée des {Colons}
23%
Site Naturel Roche Percée
17%
Catastrophe naturelle (2003) Cyclone {Erica}
14%
Sommet Mont {Panié}
13%
Aucun quiz correspondant
Distribution des résultats
% des personnes avec chaque résultat
Percentile par nombre de réponses
Votre historique - résultats
Vous n’avez pas pris ce quiz depuis la dernière actualisation